Lev Trotski / Harry Wilde; traducció de Judith Vilar
Publicado:
Barcelona :
Edicions 62, Caixa de Catalunya; amb la col·laboració de la Fundació Pere Vergés ,
1991
Descripción Física:
172 p. : il. ; 21 cm
Colección:
Col·lecció Pere Vergés de biografies ; 26
Otros Autores:
Vilar, Judith, tr
MARC
| LEADER | 00000nam a2200000Ia 4500 | ||
|---|---|---|---|
| 001 | 12481 | ||
| 008 | 160829s1991 xx 000 0 cat d | ||
| 080 | |a M-2-304 | ||
| 100 | |a Wilde, Harry |9 37064 | ||
| 245 | |a Lev Trotski / Harry Wilde; traducció de Judith Vilar | ||
| 260 | |a Barcelona : |b Edicions 62, Caixa de Catalunya; amb la col·laboració de la Fundació Pere Vergés, |c 1991 | ||
| 300 | |a 172 p. : |b il. ; |c 21 cm | ||
| 490 | |a Col·lecció Pere Vergés de biografies ; 26 | ||
| 650 | |a Trockij, Lev |9 37065 | ||
| 650 | |a Estadistes |x Unió de Repúbliques Socialistes Soviètiques |x Biografia |9 37066 | ||
| 700 | |a Vilar, Judith, tr. |9 37067 | ||
| 901 | |a Arxiu | ||
| 942 | |n 1 | ||
| 952 | |0 0 |1 0 |4 0 |6 M2304 |7 1 |9 47630 |a Arxiu |b Arxiu |d 2016-12-01 |l 0 |o M-2-304 |p 12481 |r 2016-12-01 00:00:00 |w 2016-12-01 |y ARXIU | ||
| 999 | |c 51429 |d 51429 | ||